Historia por Letra - O - Estadísticas

Estadísticas generales
  • Esta prueba ha sido intentada 5.189 veces
  • La puntuación promedio es 9 de 19
Estadísticas de respuestas
Pista Respuesta % Correcto
El imperio turco que conquistó Constantinopla Otomano
96%
La droga que llevó a dos guerras en China Opio
81%
La competición atlética griega que comenzó en 776 a.C. Olimpiadas
79%
Una de las dos epopeyas atribuidas a Homero Odisea
76%
Estado de los EE.UU. que fue un sitio de una "fiebre de la tierra" en 1889 Oklahoma
65%
"Padre" de la bomba atómica J. Robert Oppenheimer
60%
También conocida como la Revolución Bolchevique Revolución de {Octubre}
56%
El sendero pionero de Missouri al Valle de Willamette Senda de {Oregón}
51%
Primer rey de los Países Bajos Guillermo de {Orange}
47%
La isla japonesa y el lugar de la amarga lucha en la Segunda Guerra Mundial Okinawa
44%
Apodo de Juana del Arco Dama de {Orleans}
43%
Nombre de pila de Cromwell Oliver
38%
Sitio de los acuerdos de 1993 entre Israel y la OLP Oslo
36%
Parientes de los visigodos Ostrogodos
35%
El poeta romano que escribió "Metamorfosis" Ovidio
32%
La playa más mortal del Día D Playa de {Omaha}
29%
La antigua civilización mexicana, conocida por sus colosales esculturas de cabezas Olmeca
28%
El segundo esposo de Jacqueline Bouvier Aristóteles Onassis
21%
El cártel que declaró un embargo de petróleo en 1973 OPEP
20%
No se encontraron pruebas coincidentes
Distribución de puntuación
Porcentaje de gente con cada puntuación
Porcentaje por número respondido
Historial de tus puntuaciones
No has intentado esta prueba.